Antalya Büyükşehir Belediye Başkanlığı durum tespit araştırması (Record no. 6571)

MARC details
000 -BAŞLIK
Sabit Uzunlukta Kontrol Alanı 01780na a2200421 4500
001 - KONTROL NUMARASI
Denetim Alanı 22944
003 - KONTROL NUMARASI IDENTIFIER
Denetim Alanı MIRAKIL
005 - SON İŞLEM TARİHİ VE ZAMANI
Denetim Alanı 20181213155112.0
008 - SABİT-BOY VERİ ELEMANLARI - GENEL BİLGİLER
Sabit Uzunlukta Kontrol Alanı 170304b tu 000 0
035 ## - SİSTEM KONTROL NUMARASI
Sistem Kontrol Numarası 13419
040 ## - KATALOGLAMA KAYNAK
Orijinal Kataloglama Ajansı Milas
Kataloglama Dili tur
Metne Dönüştürmek Ajansı TR-AnCHP
041 ## - DİL KODU
Metin / Ses Parça Veya Ayrı Başlığın Dil Kodu tur
082 ## - DEWEY ONLU SINIFLANDIRMA NUMARASI
Sınıflandırma Numarası CHP 324.956411
Ürün Numarası A57 2008/12
090 ## - SINIFLAMA NUMARASI
Sınıflama Numarası CHP 324.956411 A57 2008/12
091 ## - MICROFILM RAF YER (AM) [OBSOLETE]
Mikrofilm Raf Yeri ARŞİV-SEÇMEN ARAŞTIRMALARI
245 ## - BAŞLIK TABLOSU
Başlık Antalya Büyükşehir Belediye Başkanlığı durum tespit araştırması
Başlığın Kalan Aralık 2008
246 ## - UNVAN FORM VARYING
Başlık Doğru / Kısa Başlığı 2008 Antalya durum tespit araştırması
246 ## - UNVAN FORM VARYING
Başlık Doğru / Kısa Başlığı 2008 Antalya siyasal eğilim araştırması
260 ## - YAYIN, DAĞITIM, VB
Yayın, Dağıtım, Vb Yeri [y.y.]
Yayıncı, Dağıtıcı, Vs Adı [yayl. y.]
Yayın, Dağıtım, Vb Tarihi [Aralık 2008]
300 ## - FİZİKSEL TANIM
Kapsam 27 s.
Diğer Fiziksel Ayrıntıları tbl.; grf.
Boyutlar 30 sm.
500 ## - GENEL NOT
Genel Not Yerel numaradaki sayılar araştırmanın yapıldığı ayları temsil eder : Ocak -1 ; Şubat - 2 ; Mart - 3 ; Nisan - 4 ; Mayıs - 5; Haziran - 6 ; Temmuz - 7; Ağustos - 8; Eylül - 9; Ekim - 10; Kasım - 11 ; Aralık - 12.
610 ## - KONU KATMA GİRİŞ - TOPLANTI ADI
Giriş Elemanı Olarak Kurumsal Ad Veya Yargı Alanı Adı CHP
Genel Alt Bölüm Kamuoyu araştırmaları
Kronolojik Alt Bölüm Siyasal eğilim
Coğrafi Alt Bölüm Antalya
650 ## - KONU KATMA GİRİŞ - TOPİKAL DÖNEM
Topikal Süreli Veya Coğrafi Ad Giriş Elemanı Yerel yönetimler
Genel Alt Bölümü Kamuoyu araştırmaları
Coğrafi Alt Bölümü Antalya
650 ## - KONU KATMA GİRİŞ - TOPİKAL DÖNEM
Topikal Süreli Veya Coğrafi Ad Giriş Elemanı Kamuoyu araştırmaları
Coğrafi Alt Bölümü Antalya
650 ## - KONU KATMA GİRİŞ - TOPİKAL DÖNEM
Topikal Süreli Veya Coğrafi Ad Giriş Elemanı Yerel yönetimler
Genel Alt Bölümü Kamuoyu araştırmaları
Kronolojik Alt Bölümü Siyasal eğilim
Coğrafi Alt Bölümü Antalya
651 ## - KONU KATMA GİRİŞ - COĞRAFİ ADI
Coğrafi İsim Türkiye
Genel Alt Bölümü Siyaset ve yönetim
Kronolojik Alt Bölümü 2002-
740 ## - KATMA GİRİŞ - KONTROLSUZ İLGİLİ / ANALİTİK BAŞLIK
Kontrol Edilmeyen / İlgili Analitik Başlıktaki 2008 durum tespit araştırması
740 ## - KATMA GİRİŞ - KONTROLSUZ İLGİLİ / ANALİTİK BAŞLIK
Kontrol Edilmeyen / İlgili Analitik Başlıktaki 2008 yerl yönetim araştırmaları
740 ## - KATMA GİRİŞ - KONTROLSUZ İLGİLİ / ANALİTİK BAŞLIK
Kontrol Edilmeyen / İlgili Analitik Başlıktaki 2008 seçmen araştırmaları
740 ## - KATMA GİRİŞ - KONTROLSUZ İLGİLİ / ANALİTİK BAŞLIK
Kontrol Edilmeyen / İlgili Analitik Başlıktaki 2008 kamuoyu araştırmaları
740 ## - KATMA GİRİŞ - KONTROLSUZ İLGİLİ / ANALİTİK BAŞLIK
Kontrol Edilmeyen / İlgili Analitik Başlıktaki 2008 siyasal eğilim araştırmaları
830 ## - SERİSİ EKLENDİ GİRİŞ - ÜNİFORM ADI
Üniforma Başlık CHP kamuoyu araştırmaları
942 ## - EKLENDİ GİRİŞ ELEMANLARI (KOHA)
Sınıflandırma Veya Raf Düzeni Kaynak Dewey Decimal Classification
Koha Öğesi Türü Books
999 ## - SİSTEM KONTROL NUMARALARI (KOHA)
Koha Biblionumber 6571
Koha Biblioitemnumber 6571
657 ## - INDEX SÜRE - İŞLEVİ
-- CHP siyasal eğilim araştırması
657 ## - INDEX SÜRE - İŞLEVİ
-- CHP kamuoyu araştırması
657 ## - INDEX SÜRE - İŞLEVİ
-- CHP seçmen araştrması
Holdings
Kalıcı Konum Mevcut Konum Edinme Tarihi Edinim Kaynak Toplam Check-Out'Lar Tam Çağrı Numarası Barkod Tarih Son Görülme İtibaren Geçerli Fiyatlar Koha Öğesi Türü
CHP Kütüphanesi CHP Kütüphanesi 03/04/2017 Bağış   CHP 324.956411 A57 2008/12 016885 03/04/2017 03/04/2017 Books